000 00509nam a2200205Ia 4500
005 20230316095421.0
008 131103s9999 xx 000 0 und d
020 _cRs.60
040 _aLoreto College
041 _aEnglish
082 _a891.44
_bMAN
100 _aMandal, Sujay Kumar
245 _aLokosamskritir tribalay
_cSujay Kumar Mandal
260 _aCalcutta
_bSetubandhan Prakashana
_c1999
300 _a132p
650 _aFolklore
651 _aFolkculture
850 _aLCLIB
942 _cBK
999 _c20427
_d70906